[Event "San Sebastian Gros op 28th"]
[Site "San Sebastian"]
[Date "2018.06.23"]
[Round "2"]
[White "Moreto Quintana, Alexandre"]
[Black "Cifuentes Parada, Roberto"]
[Result "1/2-1/2"]
[WhiteElo "2193"]
[BlackElo "2465"]
[PlyCount "93"]
[EventDate "2018.06.22"]
[EventType "swiss"]
[EventRounds "9"]
[EventCountry "ESP"]
[SourceTitle "CBM 185 Extra"]
[Source "ChessBase"]
[SourceDate "2018.07.29"]
[SourceVersion "1"]
[SourceVersionDate "2018.07.29"]
[SourceQuality "1"]

1. d4 d6 2. Nf3 g6 3. e4 Bg7 4. Bc4 c5 5. Nc3 cxd4 6. Nxd4 Nf6 7. Bb3 0-0 8. f3 Nc6 9. Be3 Nxd4 10. Bxd4 Bd7 11. Qd2 b5 12. 0-0-0 a5 13. Nd5 Nxd5 14. Bxd5 Rc8 15. a3 Qc7 16. Bxg7 Kxg7 17. Qd4+ f6 18. Rd2 Rb8 19. Bb3 b4 20. a4 Qb6 21. Qd3 Rbc8 22. g4 Rc5 23. h4 Qd8 24. Qe3 Qe8 25. h5 g5 26. Rd5 Bxa4 27. Rxc5 dxc5 28. h6+ Kh8 29. Bc4 Bb5 30. Qxc5 Bxc4 31. Qxc4 Qb8 32. Kb1 Qd6 33. Qd5 Qxd5 34. exd5 Kg8 35. Ka2 Kf7 36. Kb3 Rc8 37. c4 bxc3 38. bxc3 e6 39. Rd1 Rc5 40. dxe6+ Kxe6 41. c4 Re5 42. Rd3 f5 43. Kc3 fxg4 44. fxg4 Re4 45. Rd5 Re5 46. Rd3 Re4 47. Rd5 1/2-1/2

[Event "El Aguila Masters 2nd"]
[Site "Utebo"]
[Date "2018.06.19"]
[Round "3"]
[White "Cifuentes Parada, Roberto"]
[Black "Gines Esteo, Pedro Antonio"]
[Result "1-0"]
[WhiteElo "2465"]
[BlackElo "2395"]
[PlyCount "133"]
[EventDate "2018.06.18"]
[EventType "tourn"]
[EventRounds "9"]
[EventCountry "ESP"]
[EventCategory "7"]
[SourceTitle "CBM 185 Extra"]
[Source "ChessBase"]
[SourceDate "2018.07.29"]
[SourceVersion "1"]
[SourceVersionDate "2018.07.29"]
[SourceQuality "1"]

1. d4 d5 2. Nf3 Nf6 3. c4 c6 4. Qc2 dxc4 5. Qxc4 Bg4 6. Ne5 Be6 7. Qd3 Nbd7 8. Nf3 Bg4 9. Nbd2 e6 10. g3 Be7 11. Bg2 0-0 12. 0-0 c5 13. b3 Rc8 14. Bb2 cxd4 15. Qxd4 Rc2 16. Rab1 Bxf3 17. Bxf3 Nb6 18. Rfd1 Bc5 19. Qf4 Nbd5 20. Qe5 Bd6 21. Qg5 Be7 22. Nc4 h6 23. Qe5 Qb8 24. Qxb8 Rxb8 25. Rbc1 Rxc1 26. Rxc1 Kf8 27. a3 Nd7 28. e4 N5f6 29. b4 g5 30. h3 Ke8 31. Kf1 Kd8 32. e5 Nd5 33. Bxd5 exd5 34. Ne3 f6 35. e6 Nf8 36. Nxd5 Nxe6 37. Nxf6 Bxf6 38. Bxf6+ Kd7 39. Kg2 b5 40. Be5 Rb6 41. f4 gxf4 42. gxf4 Ra6 43. Rc3 Ke8 44. Kf3 Nf8 45. Ke4 Nd7 46. Bd4 Ke7 47. Rg3 Nf6+ 48. Kf5 Nd5 49. Rg7+ Ke8 50. Rxa7 Ne7+ 51. Ke4 Re6+ 52. Be5 Rg6 53. Rb7 Rg3 54. f5 Rxh3 55. Rxb5 Rxa3 56. Rb8+ Kf7 57. Rb7 Ra6 58. f6 Rxf6 59. Bxf6 Kxf6 60. Rb6+ Kg5 61. Re6 Nc8 62. b5 h5 63. b6 Nxb6 64. Rxb6 Kg4 65. Rg6+ Kh3 66. Kf3 h4 67. Rg4 1-0

[Event "La Roda op 45th"]
[Site "La Roda"]
[Date "2018.03.29"]
[Round "2"]
[White "Diez Fraile, David"]
[Black "Cifuentes Parada, Roberto"]
[Result "1/2-1/2"]
[WhiteElo "2115"]
[BlackElo "2465"]
[PlyCount "173"]
[EventDate "2018.03.28"]
[EventType "swiss"]
[EventRounds "9"]
[EventCountry "ESP"]
[SourceTitle "CBM 183 Extra"]
[Source "ChessBase"]
[SourceDate "2018.04.19"]
[SourceVersion "1"]
[SourceVersionDate "2018.04.19"]
[SourceQuality "1"]

1. d4 d5 2. Nf3 c5 3. c4 dxc4 4. e3 Nf6 5. Bxc4 e6 6. 0-0 Nc6 7. Qe2 cxd4 8. Rd1 Be7 9. exd4 0-0 10. Nc3 Na5 11. Bd3 b6 12. Bg5 Bb7 13. Rac1 Rc8 14. Ne5 Nd5 15. Nxd5 Qxd5 16. Be4 Qxe4 17. Qxe4 Bxe4 18. Bxe7 Rfe8 19. Bb4 Nb7 20. f3 Bd5 21. b3 f6 22. Nd3 a5 23. Ba3 Kf7 24. Kf2 b5 25. Rxc8 Rxc8 26. Rc1 Rxc1 27. Bxc1 b4 28. Ke3 Nd6 29. g4 Nb5 30. Bb2 Bc6 31. Ne1 Nc7 32. Nd3 Nd5+ 33. Kd2 Ne7 34. Ke3 Bd5 35. Bc1 g5 36. Nc5 Ng6 37. Kf2 e5 38. Be3 h6 39. Nd3 e4 40. fxe4 Bxe4 41. Nb2 Ne7 42. Nc4 Bb1 43. Nxa5 Bxa2 44. Bd2 Nd5 45. Nc6 Bxb3 46. Nxb4 Ne7 47. Nd3 Be6 48. Kf3 Kg6 49. Bb4 Nd5 50. Bd2 h5 51. h3 Ne7 52. Nb4 Bb3 53. Bc3 Bd1+ 54. Kg3 h4+ 55. Kg2 Bb3 56. Be1 Kf7 57. Kf3 Bc4 58. Kf2 Ke6 59. Bc3 Bd5 60. Nd3 Be4 61. Nb4 Bb7 62. Bb2 Ng6 63. Bc1 Nf8 64. Nd3 Kd5 65. Ke3 Kc4 66. Ba3 Ng6 67. Bd6 Bg2 68. Bc7 Ne7 69. Nb2+ Kb3 70. Bd8 Nd5+ 71. Kf2 Bxh3 72. Nd3 Kc4 73. Nc5 Kxd4 74. Nd7 Ke4 75. Nxf6+ Nxf6 76. Bxf6 Kf4 77. Bd8 Kxg4 78. Bc7 Kh5 79. Kf3 Bd7 80. Bd6 Bc6+ 81. Kf2 Kg4 82. Be7 Kf4 83. Bd8 Kf5 84. Be7 Kg4 85. Bd8 Kh5 86. Bc7 Kg4 87. Bd8 1/2-1/2

[Event "Paz de Ziganda op 28th"]
[Site "Villava"]
[Date "2018.03.17"]
[Round "6"]
[White "Ibarra Jerez, Jose Carlos"]
[Black "Cifuentes Parada, Roberto"]
[Result "1-0"]
[WhiteElo "2569"]
[BlackElo "2465"]
[PlyCount "155"]
[EventDate "2018.03.17"]
[EventType "swiss (rapid)"]
[EventRounds "9"]
[EventCountry "ESP"]
[SourceTitle "CBM 183 Extra"]
[Source "ChessBase"]
[SourceDate "2018.04.19"]
[SourceVersion "1"]
[SourceVersionDate "2018.04.19"]
[SourceQuality "1"]

1. e4 d6 2. d4 Nf6 3. Nc3 e5 4. Nf3 Nbd7 5. Bc4 Be7 6. a4 0-0 7. 0-0 c6 8. Re1 b6 9. Ba2 a6 10. Qd3 Rb8 11. Ne2 exd4 12. Qxd4 Nc5 13. Ng3 Be6 14. Bf4 Bxa2 15. Rxa2 Ne6 16. Qd2 Nxf4 17. Qxf4 Nd7 18. Nf5 Ne5 19. Nxe5 dxe5 20. Qxe5 Bf6 21. Qf4 Re8 22. Raa1 Bxb2 23. Rad1 Qf6 24. g3 Be5 25. Qe3 b5 26. axb5 axb5 27. Rd7 h6 28. Red1 b4 29. Qc5 b3 30. cxb3 Rxb3 31. Re7 Rxe7 32. Qxe7 Kh7 33. Rd7 Qxe7 34. Rxe7 Bf6 35. Rxf7 Rb4 36. f3 c5 37. Rc7 c4 38. f4 Kg6 39. g4 c3 40. e5 Rxf4 41. exf6 Rxg4+ 42. Ng3 Kxf6 43. Rxc3 Ra4 44. Rc2 g6 45. Kg2 h5 46. Re2 Kg5 47. Ne4+ Kf4 48. Nc3 Ra3 49. Nd5+ Kg5 50. Re5+ Kh6 51. Ne3 Ra4 52. Kg3 Ra3 53. Re4 Ra2 54. Re5 Kg7 55. Re6 Kf7 56. Rd6 Ra4 57. Rb6 Kg7 58. Rc6 Kh6 59. Nc4 Kg5 60. h4+ Kf5 61. Ne3+ Ke4 62. Re6+ Kd3 63. Re5 Re4 64. Rxe4 Kxe4 65. Nc4 Kf5 66. Nd6+ Ke5 67. Nf7+ Ke4 68. Ng5+ Ke3 69. Kg2 Kf4 70. Kh3 Kf5 71. Kg3 Ke5 72. Kf3 Kf5 73. Ne4 Ke5 74. Ng3 g5 75. hxg5 h4 76. Ne4 Kf5 77. Kg2 Kg6 78. Kh2 1-0

[Event "Aragon-chT Honor Gr II"]
[Site "Aragon"]
[Date "2018.02.24"]
[Round "5.9"]
[White "Cifuentes Parada, Roberto"]
[Black "Lana Rodriguez, David"]
[Result "1-0"]
[WhiteElo "2465"]
[BlackElo "2275"]
[PlyCount "159"]
[EventDate "2018.01.27"]
[EventType "team-tourn"]
[EventRounds "7"]
[EventCountry "ESP"]
[SourceTitle "EXT 2019"]
[Source "ChessBase"]
[SourceDate "2018.10.10"]
[SourceVersion "1"]
[SourceVersionDate "2018.10.10"]
[SourceQuality "1"]
[WhiteTeam "Jaque"]
[BlackTeam "Agrupacion"]
[WhiteTeamCountry "ESP"]
[BlackTeamCountry "ESP"]

1. d4 Nf6 2. Nf3 d5 3. c4 e6 4. g3 dxc4 5. Qa4+ Nbd7 6. Bg2 Bd6 7. Nbd2 a6 8. Nxc4 b5 9. Nxd6+ cxd6 10. Qa3 Nb6 11. b3 a5 12. Ng5 Nbd5 13. Bd2 h6 14. Nh3 Bb7 15. 0-0 b4 16. Qb2 Ba6 17. Rfe1 Rc8 18. a3 Qb6 19. axb4 axb4 20. Qa2 Bb7 21. Qa7 Qxa7 22. Rxa7 Bc6 23. e4 Nc3 24. d5 Bd7 25. Rb7 0-0 26. dxe6 Bxe6 27. Rxb4 Ncxe4 28. Rbxe4 Nxe4 29. Rxe4 Bxb3 30. Nf4 Rfd8 31. h4 d5 32. Rd4 Rc4 33. Rd3 Bc2 34. Ra3 Ra4 35. Rc3 Ra1+ 36. Kh2 Be4 37. Bxe4 dxe4 38. Rc2 Raa8 39. Be3 Rac8 40. Re2 Rc4 41. g4 Kh7 42. Ra2 Rd7 43. Ra1 Rb4 44. Ne2 Rb2 45. Ng3 Rb4 46. Ra5 Rdb7 47. Kh3 R7b5 48. Ra6 Re5 49. g5 hxg5 50. hxg5 Re6 51. Ra7 Kg6 52. Kg4 Rb1 53. Ra4 f6 54. gxf6 gxf6 55. Kf4 Rb5 56. Ra7 Rg5 57. Bd4 Rd5 58. Ra4 Rg5 59. Ra8 Rd5 60. Be3 Rde5 61. Rg8+ Kf7 62. Rg4 Ra6 63. Rh4 Ra4 64. Kg4 Ke6 65. Rh6 Ra8 66. Bd4 Rea5 67. Rxf6+ Kd5 68. Be3 Re8 69. Kf4 Ra4 70. Nf5 Re6 71. Rf8 Kc4 72. Rc8+ Kd3 73. Rd8+ Kc3 74. Bd2+ Kc2 75. Ne3+ Kb3 76. Rb8+ Ka2 77. Bc3 Ra7 78. Rb2+ Ka3 79. Nc4+ Ka4 80. Rb4# 1-0

[Event "Aragon-chT Honor Gr II"]
[Site "Aragon"]
[Date "2018.02.03"]
[Round "2.29"]
[White "Cifuentes Parada, Roberto"]
[Black "Fernandez Rubio, Rafael"]
[Result "1-0"]
[WhiteElo "2465"]
[BlackElo "2056"]
[PlyCount "85"]
[EventDate "2018.01.27"]
[EventType "team-tourn"]
[EventRounds "7"]
[EventCountry "ESP"]
[SourceTitle "EXT 2019"]
[Source "ChessBase"]
[SourceDate "2018.10.10"]
[SourceVersion "1"]
[SourceVersionDate "2018.10.10"]
[SourceQuality "1"]
[WhiteTeam "Jaque"]
[BlackTeam "Tauste"]
[WhiteTeamCountry "ESP"]
[BlackTeamCountry "ESP"]

1. d4 d5 2. Nf3 Nf6 3. c4 c6 4. e3 e6 5. Bd3 Bd6 6. 0-0 0-0 7. Nc3 Nbd7 8. e4 dxe4 9. Nxe4 Nxe4 10. Bxe4 h6 11. Bc2 Nf6 12. b3 b5 13. c5 Bb8 14. Be3 a5 15. Qd2 Ng4 16. Bf4 f5 17. Rfe1 Bxf4 18. Qxf4 g5 19. Qd2 Ra7 20. h3 Nf6 21. Ne5 Qe8 22. a4 b4 23. Nc4 Qh5 24. Nb6 g4 25. hxg4 Nxg4 26. Qf4 e5 27. dxe5 Be6 28. Rad1 Rg7 29. Rd6 Qg6 30. g3 Kh8 31. Kg2 h5 32. Bd3 h4 33. Rh1 Rh7 34. Bc4 h3+ 35. Rxh3 Rxh3 36. Kxh3 Qh5+ 37. Kg2 Qh2+ 38. Kf1 Bxc4+ 39. Nxc4 Qh1+ 40. Ke2 Qh5 41. Kd2 Qh2 42. Ne3 Re8 43. Nxg4 1-0